| 000 | 00722nam a2200217Ia 4500 | ||
|---|---|---|---|
| 001 | 9258 | ||
| 003 | GE_BSU | ||
| 008 | 181216s||||||||xx |||||||||||||| ||und|| | ||
| 040 | _cGE_BSU | ||
| 080 | _a621 | ||
| 100 | _aЛевитский,П.А. Мосин,В.Н. Яковлев,А.И. | ||
| 245 | _aЭкономика машиностроительной промышленности. | ||
| 245 | _bУчебное пособие. | ||
| 245 | _cРед. М.Н.Демченко. | ||
| 260 | _aМ. | ||
| 260 | _bМашиностроение. | ||
| 260 | _c1980. | ||
| 300 | _a272 стр. с илл. 20см. | ||
| 653 | _aЭкономика машиностроительной промышленности. | ||
| 942 | _cBK | ||
| 999 |
_c42559 _d42559 |
||